000 00619nam a22001937a 4500
003 NUST-PNEC
005 20170116180743.0
008 150107b xxu||||| |||| 00| 0 eng d
020 _a9674902597
040 _cPNEC
082 _a891.439 JAV
100 _91186
_aJaved Chaudhry
245 _aZero point 1 (Urdu)
_cJaved Chaudhry
260 _aLahore :
_bElm-o-Irfan Publishers,
_cc2009.
300 _a320 p. :
_c24 cm.
650 _xGeneral
856 _uhttp://www.amazon.com/Zero-Point-1-Javed-Chaudhry/dp/9674902597/ref=sr_1_2?s=books&ie=UTF8&qid=1420609964&sr=1-2&keywords=zero+point+by+javed
942 _2ddc
_cBK
999 _c62265
_d62265